000 00415nam a2200181Ia 4500
005 20240823035733.0
008 240823s9999||||xx |||||||||||||| ||und||
041 _aENGLISH
082 _A894.811 Q2
100 _aSampath Kumar Ra
245 0 _aPennir Penthaka Yavula
250 _a1st
260 _c2012
_b#VALUE!
500 _aTRANSFERED
650 _aTamil Books
_bGeneral
942 _cBK
999 _c201397
_d201397